000 00451nam a22001217a 4500
999 _c10089
_d10089
003 OSt
008 201218b ||||| |||| 00| 0 eng d
245 _aJournal of Digital Information Management
250 _a2014(Feb Vol.12 No.1, Apr Vol.12 No.2, Jun Vol.12 No.3, Aug Vol.12 No.4, Oct Vol.12 No.5, Dec Vol.12 No.6)
260 _aChennai, Tamil Nadu
_bDigital Information Research Foundation
650 _aComputer Science Engineering
942 _2ddc
_cBV